[Event "Match UKR vs KGZ 2021"]
[Site "Online"]
[Date "2021.02.14"]
[Round "1.7"]
[White "Niezhentsev, Kyrylo"]
[Black "Momunaliev, Ruslan"]
[Result "1-0"]
[WhiteElo "1628"]
[BlackElo "1324"]
[Annotator "NA RC"]
[PlyCount "77"]
[EventDate "2021.02.14"]
[EventType "team-tourn"]
[EventCountry "NET"]
[SourceTitle "playchess.com"]
[Source "ChessBase"]
[SourceQuality "1"]
[WhiteTeam "Ukraine"]
[BlackTeam "Kyrgyzstan"]
[WhiteTeamCountry "UKR"]
[BlackTeamCountry "KGZ"]
[TimeControl "900+10"]

1. e4 {[%emt 0:00:00]} e6 {[%emt 0:00:18]} 2. Qe2 {[%emt 0:00:05]} c5 {[%emt 0:00:11]} 3. g3 {[%emt 0:00:11]} Nc6 {[%emt 0:00:05]} 4. Nf3 {[%emt 0:00:02]} Nf6 {[%emt 0:00:10]} 5. Bg2 {[%emt 0:00:06]} Be7 {[%emt 0:00:33]} 6. O-O {[%emt 0:00:21]} O-O {[%emt 0:00:08]} 7. d3 {[%emt 0:00:38]} d5 {[%emt 0:00:15]} 8. e5 {[%emt 0:00:03]} Nd7 {[%emt 0:00:10]} 9. c3 {[%emt 0:00:50]} Re8 {[%emt 0:00:42]} 10. h4 {[%emt 0:00:23]} f6 {[%emt 0:00:10]} 11. d4 {[%emt 0:02:27]} fxe5 {[%emt 0:00:57]} 12. dxe5 {[%emt 0:00:09]} Qc7 {[%emt 0:00:30]} 13. Bf4 {[%emt 0:00:06]} Nf8 {[%emt 0:00:13]} 14. h5 {[%emt 0:00:56]} g6 {[%emt 0:00:38]} 15. g4 {[%emt 0:01:46]} gxh5 {[%emt 0:00:37]} 16. gxh5 {[%emt 0:00:04]} Nd7 {[%emt 0:00:04]} 17. Re1 {[%emt 0:00:54]} Rf8 {[%emt 0:00:10]} 18. Bg3 {[%emt 0:00:12]} Rf5 {[%emt 0:00:16]} 19. Bh3 {[%emt 0:00:22]} Rxh5 {[%emt 0:00:23]} 20. Bxe6+ {[%emt 0:00:08]} Kh8 {[%emt 0:00:04]} 21. Bg4 {[%emt 0:00:15]} Rh6 {[%emt 0:01:03]} 22. e6 {[%emt 0:00:13]} Bd6 {[%emt 0:00:20]} 23. e7 {[%emt 0:01:31]} Nf6 {[%emt 0:00:46]} 24. e8=Q+ {[%emt 0:01:28]} Nxe8 {[%emt 0:00:09]} 25. Qxe8+ {[%emt 0:00:03]} Kg7 {[%emt 0:00:03]} 26. Bxd6 {[%emt 0:00:41]} Qxd6 {[%emt 0:03:50]} 27. Bxc8 {[%emt 0:00:39]} Rxc8 {[%emt 0:02:15]} 28. Qxc8 {[%emt 0:01:10]} Qg6+ {[%emt 0:00:08]} 29. Kf1 {[%emt 0:00:03]} Qd3+ {[%emt 0:03:19]} 30. Re2 {[%emt 0:00:06]} Qxf3 {[%emt 0:01:10]} 31. Qxb7+ {[%emt 0:00:42]} Kf8 {[%emt 0:00:06]} 32. Qc8+ {[%emt 0:00:06]} Kf7 {[%emt 0:00:12]} 33. Qd7+ {[%emt 0:00:44]} Kg6 {[%emt 0:00:17]} 34. Qxc6+ {[%emt 0:00:55]} Kg5 {[%emt 0:00:15]} 35. Re5+ {[%emt 0:00:06]} Kg4 {[%emt 0:00:04]} 36. Qxh6 {[%emt 0:00:13]} Qd1+ {[%emt 0:00:02]} 37. Kg2 {[%emt 0:00:04]} Qf3+ {[%emt 0:00:02]} 38. Kg1 {[%emt 0:00:04]} Qd1+ {[%emt 0:00:02]} 39. Kh2 {[%emt 0:00:01]} 1-0

[Event "Match UKR vs KGZ 2021"]
[Site "Online"]
[Date "2021.02.14"]
[Round "1.8"]
[White "Omurbekova, Diana"]
[Black "Berdnyk, Mariia"]
[Result "0-1"]
[WhiteElo "1814"]
[BlackElo "2289"]
[Annotator "TA"]
[PlyCount "68"]
[EventDate "2021.02.14"]
[EventType "team-tourn"]
[EventCountry "NET"]
[SourceTitle "playchess.com"]
[Source "ChessBase"]
[SourceQuality "1"]
[WhiteTeam "Kyrgyzstan"]
[BlackTeam "Ukraine"]
[WhiteTeamCountry "KGZ"]
[BlackTeamCountry "UKR"]

{[%evp 9,68,-37,-35,-74,-15,-7,-15,-33,0,-17,16,12,9,-77,-48,-89,0,-39,10,-29,-29,-28,0,-10,0,-115,-94,-143,-120,-322,-304,-482,-500,-489,-304,-295,-293,-298,-287,-279,-271,-277,-255,-328,-320,-628,-555,-767,-763,-694,-708,-1129,-1088,-1583,-1558,-1480,-1301,-1377,-1300,-29994,-29995]} 1. b3 e5 2. Bb2 d6 3. d3 g6 4. e4 Bg7 {[#]} 5. f4 $146 ({Predecessor:} 5. Be2 Nf6 6. h3 Nc6 7. Nf3 h5 8. Nc3 Bh6 9. Bc1 Be6 10. Bxh6 Rxh6 11. Qd2 {1-0 (20) Schroerluecke,D (1180)-Bierton,C Germany 2012}) 5... Nc6 6. Nf3 {A01: Nimzowitsch-Larsen Opening.} Nge7 ({Black should play} 6... Nf6 $17 7. fxe5 Ng4) 7. Be2 $11 O-O 8. fxe5 {The position is equal.} dxe5 9. O-O f5 10. Nbd2 Nd4 11. exf5 (11. c3 $11 {remains equal.} Nxf3+ 12. Nxf3) 11... Nexf5 $17 {aiming for ...Ne3.} 12. Nc4 Re8 ({Better is} 12... b5 $17 13. Ncxe5 Ne3 $1) 13. a4 (13. c3 $5 {[%cal Rc3d4]} Nc6 14. a4 $11) 13... Bd7 14. Re1 Bc6 15. Nfd2 Nh4 (15... Nxe2+ {seems wilder.} 16. Qxe2 Nd4 17. Bxd4 exd4 18. Qg4 Qd7) 16. Ne4 a6 {[%cal Ba7a6,Ba6b5,Bb5b4][%mdl 32]} 17. Qc1 (17. c3 $11 Nxe2+ 18. Qxe2 (18. Rxe2 Qd5 $11)) 17... b5 18. axb5 axb5 19. Na3 $2 {Loses the game.} (19. Rxa8 $17 Bxa8 20. Ncd2) 19... Nhf5 $19 {Hoping for ...Bh6.} 20. Qg5 (20. Bg4 {keeps fighting.}) 20... Qxg5 21. Nxg5 b4 22. Nc4 Rxa1 ({Less strong is} 22... Nxc2 23. Rxa8 Rxa8 24. Rb1 $17) 23. Bxa1 Nxc2 24. Rc1 Nxa1 25. Rxa1 Nd4 26. Bd1 {[#]} e4 $1 {[%cal Re4e3]} 27. Ra7 $2 (27. Nxe4 Ne2+ {[%mdl 64] Discovered Attack} 28. Bxe2 Bxa1 29. Bf3) 27... e3 {Threatens to win with ...e2.} 28. Kf1 e2+ 29. Bxe2 Rxe2 30. Rxc7 Bxg2+ 31. Kg1 Bf6 32. Rc8+ Kg7 33. Rc7+ Kh6 34. Rxh7+ Kxg5 {[%cal Rd4f3] Weighted Error Value: White=0.99/Black=0.21} 0-1

[Event "Match UKR vs KGZ 2021"]
[Site "Online"]
[Date "2021.02.14"]
[Round "1.9"]
[White "Hryshchenko, Kamila"]
[Black "Zairbek kyzy, Begimai"]
[Result "0-1"]
[WhiteElo "2028"]
[BlackElo "1910"]
[Annotator "TA"]
[PlyCount "68"]
[EventDate "2021.02.14"]
[EventType "team-tourn"]
[EventCountry "NET"]
[SourceTitle "playchess.com"]
[Source "ChessBase"]
[SourceQuality "1"]
[WhiteTeam "Ukraine"]
[BlackTeam "Kyrgyzstan"]
[WhiteTeamCountry "UKR"]
[BlackTeamCountry "KGZ"]

{[%evp 9,68,6,39,0,-5,-2,0,-4,21,37,151,58,57,56,65,61,53,48,21,33,35,0,92,57,81,87,94,89,109,94,98,94,100,47,43,3,49,0,8,0,0,0,-7,-17,0,0,0,0,0,-241,-247,-243,-197,-1702,-550,-1755,-1629,-2328,-2134,-5389,-2381]} 1. e4 c6 2. d4 d5 3. e5 Bf5 4. Be3 e6 5. Nd2 Qb6 6. Qc1 {B12: Caro-Kann: Advance Variation.} c5 7. Ngf3 Nc6 {[%cal Rc5d4]} 8. c3 {The position is equal.} Rc8 9. Nb3 {[%cal Rd4c5] [#]} cxd4 $146 (9... c4 $14 10. Nbd2 Nge7) ({Predecessor:} 9... c4 10. Nbd2 Nge7 11. Be2 Bg4 12. O-O Nf5 13. h3 Bxf3 14. Nxf3 Be7 15. Bg5 Bxg5 16. Nxg5 {0-1 (41) Przybylski,W (2321)-Svane,R (2613) Chess.com INT 2020}) 10. Nbxd4 (10. Nfxd4 $16 Qc7 11. Nxf5 exf5 12. f4) 10... Nxd4 11. Nxd4 Bc5 12. Bb5+ Kf8 {...Bxd4 is the strong threat.} 13. Nxf5 exf5 14. Bxc5+ Rxc5 15. Bd3 Qe6 (15... g6 $11) 16. O-O Ne7 17. Qe3 b6 18. a4 a5 19. f4 g6 20. Rf2 Kg7 21. Raf1 ({Better is} 21. Rd2 $16) 21... Rd8 $14 22. g4 Rc6 23. h4 h5 (23... d4 $5 24. cxd4 Qb3 $11) 24. gxf5 Nxf5 {[%mdl 64] [#] Double Attack} 25. Qh3 Nh6 26. f5 Qxe5 27. Re2 Qd6 28. fxg6 fxg6 29. Rfe1 $2 (29. Bb5 $11 {and White stays safe.} Qc5+ 30. Kh1) 29... Ng4 $19 30. Re7+ Kh8 31. Qf3 $2 (31. Rf7) 31... Qh2+ {[%mdl 64] [#] Double Attack. Black is clearly winning.} 32. Kf1 {Intending Re8+ and mate.} Rf6 33. Qxf6+ Nxf6 34. Bxg6 Qf4+ {Weighted Error Value: White=0.85/Black=0.26} 0-1

[Event "Match UKR vs KGZ 2021"]
[Site "Online"]
[Date "2021.02.14"]
[Round "1.10"]
[White "Berdibaeva, Edisa"]
[Black "Alekseenko, Yuliya"]
[Result "1/2-1/2"]
[WhiteElo "1272"]
[BlackElo "1760"]
[Annotator "NA RC"]
[PlyCount "147"]
[EventDate "2021.02.14"]
[EventType "team-tourn"]
[EventCountry "NET"]
[SourceTitle "playchess.com"]
[Source "ChessBase"]
[SourceQuality "1"]
[WhiteTeam "Kyrgyzstan"]
[BlackTeam "Ukraine"]
[WhiteTeamCountry "KGZ"]
[BlackTeamCountry "UKR"]
[TimeControl "900+10"]

1. e4 {[%emt 0:00:00]} c5 {[%emt 0:00:03]} 2. Nf3 {[%emt 0:00:04]} e6 {[%emt 0:00:01]} 3. d4 {[%emt 0:00:04]} cxd4 {[%emt 0:00:02]} 4. Nxd4 {[%emt 0:00:03]} Nf6 {[%emt 0:00:02]} 5. Nc3 {[%emt 0:00:04]} Nc6 {[%emt 0:00:05]} 6. Ndb5 {[%emt 0:00:08]} Bb4 {[%emt 0:00:02]} 7. a3 {[%emt 0:00:06]} Bxc3+ {[%emt 0:00:03]} 8. Nxc3 {[%emt 0:00:05]} d5 {[%emt 0:00:02]} 9. exd5 {[%emt 0:00:08]} exd5 {[%emt 0:00:04]} 10. Bd3 {[%emt 0:00:07]} O-O {[%emt 0:00:10]} 11. O-O {[%emt 0:00:04]} h6 {[%emt 0:00:38]} 12. h3 {[%emt 0:00:23]} Re8 {[%emt 0:00:38]} 13. b3 {[%emt 0:00:48]} Be6 {[%emt 0:02:56]} 14. Bb2 {[%emt 0:00:45]} a6 {[%emt 0:02:09]} 15. Qd2 {[%emt 0:02:07]} Qd6 {[%emt 0:02:22]} 16. Rad1 {[%emt 0:01:24]} Rad8 {[%emt 0:00:30]} 17. Ne2 {[%emt 0:01:28]} Ne5 {[%emt 0:03:56]} 18. Ng3 {[%emt 0:02:43]} Nxd3 {[%emt 0:01:37]} 19. Qxd3 {[%emt 0:00:21]} Qf4 {[%emt 0:01:04]} 20. Rfe1 {[%emt 0:01:38]} Ne4 {[%emt 0:01:17]} 21. Nxe4 {[%emt 0:01:49]} dxe4 {[%emt 0:00:07]} 22. Qc3 {[%emt 0:00:32]} f6 {[%emt 0:00:21]} 23. Qb4 {[%emt 0:00:51]} Bd5 {[%emt 0:00:22]} 24. Qb6 {[%emt 0:00:50]} Rd6 {[%emt 0:00:11]} 25. Qe3 {[%emt 0:00:31]} Qf5 {[%emt 0:00:11]} 26. c4 {[%emt 0:00:12]} Red8 {[%emt 0:00:17]} 27. cxd5 {[%emt 0:00:06]} Rxd5 {[%emt 0:00:02]} 28. Rxd5 {[%emt 0:00:15]} Qxd5 {[%emt 0:00:02]} 29. Qxe4 {[%emt 0:00:09]} Qxb3 {[%emt 0:00:04]} 30. Qe6+ {[%emt 0:00:29]} Qxe6 {[%emt 0:00:03]} 31. Rxe6 {[%emt 0:00:01]} Rd1+ {[%emt 0:00:04]} 32. Kh2 {[%emt 0:00:04]} Rd2 {[%emt 0:00:02]} 33. Rb6 {[%emt 0:00:05]} Rxf2 {[%emt 0:00:28]} 34. Rxb7 {[%emt 0:00:05]} Rc2 {[%emt 0:00:03]} 35. Rb6 {[%emt 0:00:32]} Kf7 {[%emt 0:00:16]} 36. Bd4 {[%emt 0:00:11]} Rc4 {[%emt 0:00:08]} 37. Bg1 {[%emt 0:00:13]} Ra4 {[%emt 0:00:07]} 38. Bc5 {[%emt 0:00:07]} Rc4 {[%emt 0:00:33]} 39. Bb4 {[%emt 0:00:05]} Rc2 {[%emt 0:00:05]} 40. Rxa6 {[%emt 0:00:03]} g5 {[%emt 0:00:07]} 41. Rd6 {[%emt 0:00:09]} h5 {[%emt 0:00:05]} 42. Rd2 {[%emt 0:00:23]} Rc7 {[%emt 0:00:06]} 43. Ra2 {[%emt 0:00:12]} Ke6 {[%emt 0:00:17]} 44. Rd2 {[%emt 0:00:12]} Rc6 {[%emt 0:00:06]} 45. a4 {[%emt 0:00:35]} f5 {[%emt 0:00:15]} 46. a5 {[%emt 0:00:12]} f4 {[%emt 0:00:11]} 47. Ra2 {[%emt 0:00:16]} Ra6 {[%emt 0:00:18]} 48. g4 {[%emt 0:00:12]} fxg3+ {[%emt 0:00:15]} 49. Kxg3 {[%emt 0:00:02]} Kd5 {[%emt 0:00:01]} 50. Rc2 {[%emt 0:00:06]} Kd4 {[%emt 0:00:17]} 51. Rc5 {[%emt 0:00:08]} Rg6 {[%emt 0:00:05]} 52. Rb5 {[%emt 0:00:49]} g4 {[%emt 0:00:12]} 53. Rxh5 {[%emt 0:00:15]} gxh3+ {[%emt 0:00:03]} 54. Kxh3 {[%emt 0:00:02]} Kc4 {[%emt 0:00:06]} 55. Be1 {[%emt 0:00:14]} Re6 {[%emt 0:00:14]} 56. Bg3 {[%emt 0:00:05]} Kb4 {[%emt 0:00:12]} 57. Bc7 {[%emt 0:00:20]} Rc6 {[%emt 0:00:07]} 58. Bb6 {[%emt 0:00:06]} Kc4 {[%emt 0:00:15]} 59. Kg4 {[%emt 0:00:18]} Rf6 {[%emt 0:00:18]} 60. Re5 {[%emt 0:00:11]} Kb4 {[%emt 0:00:10]} 61. Kg5 {[%emt 0:00:04]} Rc6 {[%emt 0:00:05]} 62. Kf5 {[%emt 0:00:05]} Kc4 {[%emt 0:00:08]} 63. Ke4 {[%emt 0:00:20]} Rh6 {[%emt 0:00:09]} 64. Rc5+ {[%emt 0:00:07]} Kb4 {[%emt 0:00:03]} 65. Rf5 {[%emt 0:00:23]} Kc4 {[%emt 0:00:14]} 66. Ke5 {[%emt 0:00:05]} Kb5 {[%emt 0:00:06]} 67. Kd4+ {[%emt 0:00:06]} Kc6 {[%emt 0:00:12]} 68. Rc5+ {[%emt 0:00:10]} Kb7 {[%emt 0:00:04]} 69. Kc4 {[%emt 0:00:05]} Rc6 {[%emt 0:00:25]} 70. Kb5 {[%emt 0:00:13]} Rxc5+ {[%emt 0:00:04]} 71. Bxc5 {[%emt 0:00:03]} Ka8 {[%emt 0:00:04]} 72. a6 {[%emt 0:00:06]} Kb8 {[%emt 0:00:05]} 73. a7+ {[%emt 0:00:04]} Ka8 {[%emt 0:00:10]} 74. Kb6 {[%emt 0:00:03]} 1/2-1/2

[Event "Match UKR vs KGZ 2021"]
[Site "Online"]
[Date "2021.02.14"]
[Round "1.11"]
[White "Yeshchenko, Uliana"]
[Black "Sovetbekova, Nurai"]
[Result "0-1"]
[WhiteElo "1905"]
[BlackElo "1608"]
[Annotator "TA"]
[PlyCount "86"]
[EventDate "2021.02.14"]
[EventType "team-tourn"]
[EventCountry "NET"]
[SourceTitle "playchess.com"]
[Source "ChessBase"]
[SourceQuality "1"]
[WhiteTeam "Ukraine"]
[BlackTeam "Kyrgyzstan"]
[WhiteTeamCountry "UKR"]
[BlackTeamCountry "KGZ"]

{[%evp 16,86,38,27,35,32,62,27,58,-6,13,-6,3,-12,0,0,4,-38,-28,-37,-45,-24,0,-33,12,-11,-7,-25,-6,-18,0,-24,0,-58,-65,-61,-52,-77,-59,-361,-256,-790,-781,-734,-730,-698,-680,-596,-527,-1337,-1271,-644,-643,-1565,-628,-2439,-2438,-2383,-2304,-2147,-1892,-29974,-29975,-29985,-29986,-29987,-29988,-29990,-29991,-29992,-29993,-29994,-29995]} 1. e4 c5 2. Nc3 d6 3. g3 g6 4. Bg2 Bg7 5. d3 e6 6. Be3 Nc6 7. Qd2 Nge7 8. Bh6 Bxh6 9. Qxh6 Qb6 {B26: Closed Sicilian: 3 g3, lines with early Be3.} 10. O-O-O Bd7 11. Nge2 O-O-O {White has an edge.} 12. Qe3 {[#]} (12. Qf4 $14) 12... e5 $146 ({Predecessor:} 12... Nd4 13. f4 Nec6 14. g4 Kb8 15. Qg3 Nxe2+ 16. Nxe2 Nd4 17. Rd2 Rc8 18. c3 Nxe2+ 19. Rxe2 {1-0 (41) Insua Mellado,J-Nuevo Perez,A Mesa 1992}) 13. h4 h5 14. Bh3 Nd4 15. Bxd7+ Rxd7 16. Nd5 Nxd5 17. exd5 Qa5 18. Kb1 Qa4 19. Rd2 Nxe2 20. Qxe2 Qd4 21. c4 Re7 22. f3 Rhe8 23. Re1 f5 24. Qf1 (24. a4 $11) 24... e4 $15 25. fxe4 fxe4 26. Rdd1 e3 {Strongly threatening ...e2!} 27. Qe2 $2 {[%mdl 8192] This move loses the game for White.} (27. Re2 $15) 27... Rf7 28. Rf1 $2 {[#]} (28. Kc1) 28... Ref8 $1 $19 29. Rxf7 Rxf7 30. Rf1 Rxf1+ 31. Qxf1 {[%mdl 4096] Endgame [#] KQ-KQ} Qe5 $1 32. Qe1 e2 33. Kc2 Qe3 34. a3 a5 35. b3 b6 36. Kc3 Kd7 37. Kc2 Ke7 38. a4 Kf6 {Black mates.} 39. g4 hxg4 40. h5 gxh5 41. Qh4+ Kg6 42. Qe1 g3 43. Kb2 g2 {Weighted Error Value: White=0.91/Black=0.07} 0-1

[Event "Match UKR vs KGZ 2021"]
[Site "Online"]
[Date "2021.02.14"]
[Round "1.12"]
[White "Momunkulova, Imannur"]
[Black "Petrenko, Maryna"]
[Result "1/2-1/2"]
[WhiteElo "1294"]
[BlackElo "1511"]
[Annotator "NA RC"]
[PlyCount "141"]
[EventDate "2021.02.14"]
[EventType "team-tourn"]
[EventCountry "NET"]
[SourceTitle "playchess.com"]
[Source "ChessBase"]
[SourceQuality "1"]
[WhiteTeam "Kyrgyzstan"]
[BlackTeam "Ukraine"]
[WhiteTeamCountry "KGZ"]
[BlackTeamCountry "UKR"]
[TimeControl "900+10"]

1. e4 {[%emt 0:00:00]} Nf6 {[%emt 0:00:09]} 2. e5 {[%emt 0:00:03]} Nd5 {[%emt 0:00:02]} 3. d4 {[%emt 0:00:02]} d6 {[%emt 0:00:04]} 4. Nf3 {[%emt 0:00:03]} Nc6 {[%emt 0:00:10]} 5. Bb5 {[%emt 0:00:11]} a6 {[%emt 0:00:33]} 6. Ba4 {[%emt 0:00:10]} Nb6 {[%emt 0:00:44]} 7. Bxc6+ {[%emt 0:00:34]} bxc6 {[%emt 0:00:04]} 8. O-O {[%emt 0:00:06]} Bf5 {[%emt 0:00:33]} 9. Nc3 {[%emt 0:00:52]} e6 {[%emt 0:00:35]} 10. Qe2 {[%emt 0:00:51]} Be7 {[%emt 0:00:42]} 11. Bf4 {[%emt 0:00:15]} O-O {[%emt 0:00:13]} 12. exd6 {[%emt 0:00:26]} cxd6 {[%emt 0:00:17]} 13. Ne4 {[%emt 0:00:04]} d5 {[%emt 0:00:23]} 14. Nc5 {[%emt 0:00:26]} Nd7 {[%emt 0:00:54]} 15. Ne5 {[%emt 0:00:11]} Nxe5 {[%emt 0:00:19]} 16. Bxe5 {[%emt 0:00:13]} Qa5 {[%emt 0:00:39]} 17. Nd3 {[%emt 0:00:33]} c5 {[%emt 0:00:39]} 18. dxc5 {[%emt 0:00:22]} Bxc5 {[%emt 0:00:05]} 19. Nxc5 {[%emt 0:00:02]} Qxc5 {[%emt 0:00:05]} 20. c3 {[%emt 0:00:02]} a5 {[%emt 0:00:36]} 21. Bd4 {[%emt 0:00:24]} Qc7 {[%emt 0:00:49]} 22. b4 {[%emt 0:00:44]} Qd7 {[%emt 0:01:48]} 23. b5 {[%emt 0:01:19]} a4 {[%emt 0:01:36]} 24. Rfd1 {[%emt 0:00:54]} Rfc8 {[%emt 0:00:47]} 25. g4 {[%emt 0:00:38]} Bg6 {[%emt 0:00:48]} 26. h4 {[%emt 0:01:01]} h6 {[%emt 0:01:20]} 27. g5 {[%emt 0:00:05]} Qe7 {[%emt 0:01:27]} 28. gxh6 {[%emt 0:01:21]} gxh6 {[%emt 0:00:27]} 29. Qe5 {[%emt 0:00:04]} f6 {[%emt 0:00:22]} 30. Qxf6 {[%emt 0:00:03]} Qxf6 {[%emt 0:00:04]} 31. Bxf6 {[%emt 0:00:02]} Rab8 {[%emt 0:00:20]} 32. Rd4 {[%emt 0:01:08]} Rxb5 {[%emt 0:00:59]} 33. Rxa4 {[%emt 0:01:29]} Kf7 {[%emt 0:00:18]} 34. Be5 {[%emt 0:02:05]} Be4 {[%emt 0:00:28]} 35. Ra7+ {[%emt 0:00:44]} Kg6 {[%emt 0:00:55]} 36. a4 {[%emt 0:00:19]} Rb3 {[%emt 0:00:09]} 37. a5 {[%emt 0:00:25]} Kf5 {[%emt 0:00:04]} 38. f4 {[%emt 0:00:06]} Rg8+ {[%emt 0:00:06]} 39. Rg7 {[%emt 0:00:07]} Rxg7+ {[%emt 0:00:13]} 40. Bxg7 {[%emt 0:00:03]} Kg6 {[%emt 0:00:04]} 41. Be5 {[%emt 0:00:16]} Rb7 {[%emt 0:00:21]} 42. a6 {[%emt 0:00:06]} Ra7 {[%emt 0:00:08]} 43. Bd4 {[%emt 0:00:17]} Ra8 {[%emt 0:00:02]} 44. a7 {[%emt 0:00:13]} Kh5 {[%emt 0:00:07]} 45. Ra2 {[%emt 0:00:44]} Bg6 {[%emt 0:00:33]} 46. Rb2 {[%emt 0:00:19]} Be8 {[%emt 0:00:10]} 47. Rb8 {[%emt 0:00:28]} Bc6 {[%emt 0:00:04]} 48. Kf2 {[%emt 0:00:08]} Kxh4 {[%emt 0:00:17]} 49. Rb6 {[%emt 0:00:16]} Bd7 {[%emt 0:00:10]} 50. Rd6 {[%emt 0:00:07]} Bc8 {[%emt 0:00:06]} 51. f5 {[%emt 0:00:15]} exf5 {[%emt 0:00:14]} 52. Rxh6+ {[%emt 0:00:04]} Kg5 {[%emt 0:00:11]} 53. Rd6 {[%emt 0:00:11]} Bb7 {[%emt 0:00:08]} 54. Rb6 {[%emt 0:01:12]} Rxa7 {[%emt 0:00:21]} 55. Rb2 {[%emt 0:00:03]} Ra1 {[%emt 0:00:10]} 56. Rxb7 {[%emt 0:00:04]} Ra5 {[%emt 0:00:06]} 57. Rg7+ {[%emt 0:00:09]} Kf4 {[%emt 0:00:06]} 58. Ra7 {[%emt 0:00:05]} Rb5 {[%emt 0:00:04]} 59. Ra4 {[%emt 0:00:12]} Rb2+ {[%emt 0:00:11]} 60. Ke1 {[%emt 0:00:04]} Kf3 {[%emt 0:00:17]} 61. c4 {[%emt 0:00:26]} Rb1+ {[%emt 0:00:03]} 62. Kd2 {[%emt 0:00:03]} dxc4 {[%emt 0:00:02]} 63. Rxc4 {[%emt 0:00:04]} Rf1 {[%emt 0:00:13]} 64. Be5 {[%emt 0:00:28]} Kg2 {[%emt 0:00:11]} 65. Ke2 {[%emt 0:00:07]} Rf2+ {[%emt 0:00:06]} 66. Ke1 {[%emt 0:00:03]} Rf1+ {[%emt 0:00:03]} 67. Kd2 {[%emt 0:00:03]} Rf3 {[%emt 0:00:18]} 68. Rc2 {[%emt 0:00:26]} Rf2+ {[%emt 0:00:07]} 69. Kd3 {[%emt 0:00:07]} Rxc2 {[%emt 0:00:03]} 70. Kxc2 {[%emt 0:00:02]} f4 {[%emt 0:00:01]} 71. Bxf4 {[%emt 0:00:03]} 1/2-1/2